| 000 | 00792 a2200229 4500 | ||
|---|---|---|---|
| 003 | Nust | ||
| 005 | 20230330121517.0 | ||
| 010 | _a 78019019 | ||
| 020 | _a0916354342 : | ||
| 020 | _a0916354350 (pbk.) : | ||
| 040 | _cNust | ||
| 082 | 0 | 0 | _a848,SAR |
| 100 | 1 |
_aSartre,Jean-Paul _934124 |
|
| 245 | 1 | 0 |
_aSartre : _ba film directed by Alexandre Astruc and Michel Contat with the participation of Simone de Beauvoir, Jacques-Larent Bost, Andre Gorz, Jean Pouillon / _cJean -Paul Sartre. |
| 260 |
_aNew York : _bUrizen Books, _cc1978. |
||
| 300 |
_a112 p. : _bill. ; _c22 cm. |
||
| 600 | 1 | 0 |
_aSartre, Jean-Paul, _d1905-1980 _9111602 |
| 650 | 0 |
_aAuthors, French _y20th century _9111603 |
|
| 700 | 1 |
_aAstruc, Alexandre. _9111604 |
|
| 700 | 1 |
_aContat, Michel. _9111605 |
|
| 942 |
_2ddc _cBK _k848,SAR |
||
| 999 |
_c186126 _d186126 |
||